000 01173cam a2200313 a 4500
999 _c67146
_d67146
001 3053805
003 ARRUPE
005 20170529102804.0
008 960904s1996 vau b 001 0 eng
010 _a 96035827
020 _a0813917352
020 _z0813517360 (pbk.)
040 _aDLC
_cDLC
_dDLC
043 _af-sa---
050 0 0 _aDT1756
_b.K44 1996
082 0 0 _a305.8/00968
_220
100 1 _aKeegan, Timothy J.
_931228
245 1 0 _aColonial South Africa and the origins of the racial order /
_cTimothy Keegan.
260 _aCharlottesville :
_bUniversity Press of Virginia,
_c1996.
300 _ax, 368 p. ;
_c24 cm.
440 0 _aReconsiderations in southern African history
_93804
504 _aIncludes bibliographical references (p. [294]-357) and index.
651 0 _aSouth Africa
_xRace relations.
_931229
651 0 _aSouth Africa
_xHistory
_yTo 1836.
_931230
651 0 _aSouth Africa
_xHistory
_y1836-1909.
_931231
906 _a7
_bcbc
_corignew
_d1
_eocip
_f19
_gy-gencatlg
942 _2lcc
_cMONOGRAPH